[Event "Toronto NAYCC U10"]
[Site "Toronto"]
[Date "2013.08.18"]
[Round "8"]
[White "Yelamarti, Shanmukh"]
[Black "Hung, Justin"]
[Result "1-0"]
[WhiteElo "393"]
[BlackElo "1179"]
[PlyCount "145"]
[EventDate "2013.08.14"]
[EventType "swiss"]
[EventRounds "9"]
[EventCountry "CAN"]
[SourceTitle "EXT 2022"]
[Source "ChessBase"]
[SourceDate "2021.10.06"]
[SourceVersion "1"]
[SourceVersionDate "2021.10.06"]
[SourceQuality "1"]

1. e4 e5 2. Nf3 Nc6 3. Bc4 Bc5 4. 0-0 Nf6 5. Nc3 0-0 6. d3 d6 7. Re1 Be6 8. Bxe6 fxe6 9. Be3 b6 10. Bxc5 bxc5 11. Ng5 Re8 12. Re3 d5 13. exd5 exd5 14. Rg3 h6 15. Nf3 Rb8 16. b3 d4 17. Na4 e4 18. dxe4 Nxe4 19. Rh3 Nc3 20. Nxc3 dxc3 21. Rh5 Qxd1+ 22. Rxd1 Rbd8 23. Rdd5 Kh7 24. Rxd8 Nxd8 25. Rd5 Re2 26. Rxc5 Rxc2 27. Kf1 Rxa2 28. Rxc3 a5 29. Rxc7 a4 30. bxa4 Rxa4 31. h4 Ne6 32. Re7 Ra1+ 33. Ne1 Nd4 34. f4 Nf5 35. Rf7 Ng3+ 36. Kf2 Ne4+ 37. Ke2 Ng3+ 38. Kf2 Ne4+ 39. Ke2 Ng3+ 40. Kf2 Nh1+ 41. Ke2 Ng3+ 42. Kf3 Rxe1 43. Kxg3 Kg8 44. Kf2 Kxf7 45. Kxe1 Kf6 46. g3 Kf5 47. Kf2 Kg4 48. Kg2 h5 49. Kh2 g6 50. Kg2 Kf5 51. Kf3 Ke6 52. g4 hxg4+ 53. Kxg4 Kf6 54. Kf3 Kf5 55. Kg3 Ke4 56. Kg4 Kd5 57. Kg5 Ke6 58. Kxg6 Ke7 59. h5 Kf8 60. f5 Kg8 61. h6 Kh8 62. f6 Kg8 63. f7+ Kf8 64. h7 Ke7 65. h8Q Ke6 66. f8Q Kd5 67. Qff6 Kc5 68. Qh5+ Kc4 69. Qf4+ Kd3 70. Qh3+ Ke2 71. Qfg3 Kd1 72. Qgg2 Ke1 73. Qhh1# 1-0

[Event "Toronto NAYCC U10"]
[Site "Toronto"]
[Date "2013.08.17"]
[Round "7"]
[White "Hung, Justin"]
[Black "Mirabelli, Aidan"]
[Result "0-1"]
[WhiteElo "1179"]
[BlackElo "913"]
[PlyCount "80"]
[EventDate "2013.08.14"]
[EventType "swiss"]
[EventRounds "9"]
[EventCountry "CAN"]
[SourceTitle "EXT 2022"]
[Source "ChessBase"]
[SourceDate "2021.10.06"]
[SourceVersion "1"]
[SourceVersionDate "2021.10.06"]
[SourceQuality "1"]

1. e4 c5 2. Nf3 d6 3. d3 Nc6 4. c4 e6 5. Nc3 Nf6 6. g3 Be7 7. Bg2 0-0 8. 0-0 Nd7 9. Re1 h6 10. Be3 Bf6 11. d4 cxd4 12. Nxd4 Nxd4 13. Bxd4 Bxd4 14. Qxd4 Qb6 15. Qd2 Nf6 16. a4 Ng4 17. a5 Qc5 18. b3 f6 19. Bh3 Ne5 20. Bg2 Bd7 21. Re3 Bc6 22. Bh3 Rfe8 23. Kf1 Rad8 24. f4 Ng6 25. f5 exf5 26. Bxf5 Ne5 27. a6 b6 28. Nb5 Bxb5 29. cxb5 Qxb5+ 30. Kg2 g6 31. Bh3 g5 32. Bf5 Re7 33. Qa2 Kg7 34. Rd1 d5 35. exd5 Rxd5 36. Ree1 Rxd1 37. Rxd1 Nc6 38. Rd2 Nb8 39. Bd3 Qd5+ 40. Kh3 g4+ 0-1